000 01275nam a22003377a 4500
005 20141211164230.0
008 140429b2012 ec ||||| |||| 00| 0 spa d
020 _a9789978383087
040 _cCO-BoIH
041 _ager
044 _aec
082 0 4 _a596
_bA34z
100 1 _aAlbuja-V, Luis
_923852
245 1 0 _aZología
_bvertebrados
_cLuis Albuja y Carmen Merizalde (qepd)
260 _aQuito, Ecuador
_bEscuela Politécnica Nacional, Instituto de Ciencias Biológicas
_c2012
300 _a256 p.
_bil.
_c22 cm.
505 _aCordados pag 7
505 _aCordados Inferiores Pag 14 Tunicados Cefalocordados
505 _aVertebrados: Agnatha Pag 25 Lampreas Mixines
505 _aPeces Pag 34 Peces cartilaginosos Peces óseos
505 _aAnfibios Pag 73 Anuros Caudados Apodos
505 _aReptiles Pag 101 Saurios Serpientes Anfisbénidos Cocodrilos Tortugas Rincocéfalos
505 _aAves Pag 138
505 _aMamíferos Pag 175
505 _aClasificación resumida de los cordados vivientes Pag 221
650 6 _aVertebrados
_xclasificación
_930128
650 6 _aVertebrados
_xAnatomía e histología.
_930129
650 6 _aVertebrados
_zEcuador
_930130
700 1 _aMerialde-P, Carmen (qepd)
_923856
942 _2ddc
_cLIBRO
_01
999 _c8411
_d8411